| 000 | 00422nam a2200181Ia 4500 | ||
|---|---|---|---|
| 008 | 180424s9999 xx 000 0 und d | ||
| 020 | _a130254436 | ||
| 084 | _a746 K1 | ||
| 100 | _a"Kadolph, Sara J" | ||
| 245 | 0 | _aTextiles | |
| 250 | _a\\200209ENGGPCX | ||
| 260 | _aPrentice Hall | ||
| 260 | _b2002 | ||
| 260 | _cEnglewood Cliffs | ||
| 300 | _a422p. | ||
| 500 | _aincludes index and biblioraphy | ||
| 942 | _cBK | ||
| 999 |
_c68859 _d68859 |
||